Statistics for Star Wars Jedi Council Members

Click here to take the quiz!

General Stats

  • This quiz has been taken 298 times
  • The average score is 14 of 20

Answer Stats

SpeciesCharacter% Correct
UnknownYoda
100%
HumanMace Windu
99%
Obi-Wan Kenobi
98%
CereanKi-Adi-Mundi
90%
NautolanKit Fisto
89%
Kel DorPlo Koon
89%
Yaddle
86%
Anakin Skywalker
84%
TogrutaShaak Ti
84%
ZabrakEeth Koth
68%
ZabrakAgen Kolar
61%
TholothianAdi Gallia
59%
IktotchiSaesee Tiin
59%
QuermianYarael Poof
59%
ThisspiasianOppo Rancisis
56%
LannikEven Piell
54%
VurkColeman Trebor
52%
Depa Billaba
52%
OngreeColeman Kcaj
51%
TholothianStass Allie
51%

Score Distribution

Percentile by Number Answered

Percent of People with Each Score

Your Score History

You have not taken this quiz